000 00744nam a22002177a 4500
999 _c1347
_d1347
003 OSt
005 20171129141959.0
008 170627b xxu||||| |||| 00| 0 esp d
020 _a978-607-7570-05-9
040 _cRCAA
_aDO-SdBJH
_bspa
082 _bG216p 2009
_a355
100 _aGarcía Ochoa, Augusto Moisés
_eautor
245 _aLa participación de las Fuerzas Armadas en el entorno actual de la seguridad pública /
_cGeneral Augusto Moisés García Ochoa
250 _a3ª edición
260 _aMéxico :
_bAla de Avispa Editores,
_c2009
300 _a216 páginas : ilustrado, mapas en color.
504 _aIncluye indice.
650 _aSeguridad Nacional -- México
650 _aSeguridad publica
942 _2ddc
_cBK
_z3